logo

Bir Sreshtho Munshi Abdur Rouf Library
Jhenaidah Cadet College

Larousse encyclopedia of modern history from 1500 to the present day / (Record no. 9641)

MARC details
000 -LEADER
fixed length control field 01085nam a2200313 4500
001 - CONTROL NUMBER
JCCL Control Number 9641
003 - CONTROL NUMBER IDENTIFIER
JCCL marc code BD-JhCC
005 - DATE AND TIME OF LATEST TRANSACTION
control field 20180321134348.0
008 - FIXED-LENGTH DATA ELEMENTS--GENERAL INFORMATION
fixed length control field 180321s1968 enkabch 001 0 eng
020 ## - INTERNATIONAL STANDARD BOOK NUMBER
International Standard Book Number 0600360660
035 ## - SYSTEM CONTROL NUMBER
system control number (BD-JhCC)9641
040 ## - CATALOGING SOURCE
Original cataloging agency DLC
Transcribing agency DLC
Modifying agency DLC
-- BD-JhCC
041 1# - LANGUAGE CODE
Language code of Book engfre
050 00 - LIBRARY OF CONGRESS CALL NUMBER
Classification number D209
Item number .H5153 1968
082 00 - DEWEY DECIMAL CLASSIFICATION NUMBER
Classification number 909.08
Author mark and Year LAR 1968
240 00 - UNIFORM TITLE
Uniform title Histoire universelle Larousse. English. 1972
245 00 - TITLE STATEMENT
Title Larousse encyclopedia of modern history from 1500 to the present day /
Statement of responsibility, etc general editor Marcel Dunan, English advisory editor John Roberts; [translated by Delano Ames]; foreword by Hugh Trevor-Roper.
250 ## - EDITION STATEMENT
Edition statement New revised ed.
260 ## - PUBLICATION, DISTRIBUTION, ETC. (IMPRINT)
Place of publication, distribution, etc Feltham :
Name of publisher, distributor, etc Hamlyn,
Date of publication, distribution, etc 1972.
300 ## - PHYSICAL DESCRIPTION
Pagination 405p.
Other physical details illus. (some col.), facsims., maps, ports. (some col.).
Dimensions 30 cm.
350 ## - PRICE (NR) (BK AM CF MU VM SE) [OBSOLETE]
Price £3.45
500 ## - GENERAL NOTE
General note Illus. on lining papers.
500 ## - GENERAL NOTE
General note Translation of Histoire universelle Larousse.
650 #0 - SUBJECT ADDED ENTRY--TOPICAL TERM
Topical term or geographic name as entry element History, Modern.
700 1# - ADDED ENTRY--PERSONAL NAME
Personal name Dunan, Marcel,
740 ## -
Uncontrolled related/analytical title Encyclopedia of modern history.
942 ## - ADDED ENTRY ELEMENTS (KOHA)
Source of classification or shelving scheme Dewey Decimal Classification
Koha item type Reference
Holdings
Source of classification or shelving scheme Damaged status Not for loan Home library Current library Shelving location Total Checkouts Full call number Barcode Date last seen Copy number Koha item type
Dewey Decimal Classification     JCC Rouf Library JCC Rouf Library General Stacks   909.08 LAR 1968 12866 03/21/2018 C - 1 Reference

JCC Library | Contacts | JCC Home

Last Update on 23 September 2017
Copyright @ 2017-2020 JCC Rouf Library
Rouf Library, Jhenidah Cadet College (JCC), Bangladesh